| 000 | 01371nam a22002297a 4500 | ||
|---|---|---|---|
| 005 | 20260211164947.0 | ||
| 008 | 260210b |||||||| |||| 00| 0 eng d | ||
| 020 | _a9789370609600 | ||
| 040 | _cAIMIT LIBRARY | ||
| 082 |
_21 _a005.768 _bKUSD |
||
| 100 |
_aKusleika, Dick. _9254311 |
||
| 245 |
_aData visualization : _bwith excel dashboards and reports / _cBy Dick Kusleika. |
||
| 250 | _a1st ed. | ||
| 260 |
_aNew Delhi : _bWiley India Pvt Ltd , _c2025. |
||
| 300 |
_axxv,350 p.; _bPB _c23.5 cm. |
||
| 500 | _aIn today's data-driven landscape, the ability to transform raw data into compelling and persuasive reports and visualizations is not just a skill but a necessity. "Data Visualization with Excel Dashboards and Reports" by Dick Kusleika, now adapted for the India, guides readers through the most impactful ways to show trends, demonstrate relationships, and make informed decisions when presenting data to stakeholders. | ||
| 505 | _rAbout the Author Dick Kusleika has been working with Microsoft Office for more than 20 years. He was formerly a Microsoft MVP, having been awarded 12 consecutive years. Dick has written several books about Excel and Access. | ||
| 650 |
_aOrganizing data for dashboards _9254312 |
||
| 650 |
_aNon chart visualizations _9254313 |
||
| 650 |
_aUsing shapes to create infographics _9254314 |
||
| 942 |
_2ddc _cBK _e1 _k005.768 KUSD |
||
| 999 |
_c240872 _d240872 |
||